000 00295cam a22000977a 4500
008 180718b1970 xxu||||| |||| 00| 0 eng d
082 _aK85x42 Un3r
245 _aHouse of commons menber's contributory pension fund report
260 _aLondon
_bHer Majesty's Stationery Office
_c1970
300 _a7+p.
999 _c500157
_d500157